header

Beyond boundaries (Record no. 9425)

MARC details
000 -LEADER
fixed length control field 01295nam a2200325Ia 4500
001 - CONTROL NUMBER
control field ebr10022469
003 - CONTROL NUMBER IDENTIFIER
control field CaPaEBR
006 - FIXED-LENGTH DATA ELEMENTS--ADDITIONAL MATERIAL CHARACTERISTICS--GENERAL INFORMATION
fixed length control field m u
007 - PHYSICAL DESCRIPTION FIXED FIELD--GENERAL INFORMATION
fixed length control field cr cn|||||||||
008 - FIXED-LENGTH DATA ELEMENTS--GENERAL INFORMATION
fixed length control field 011030s2002 nyu sb 001 0 eng d
020 ## - INTERNATIONAL STANDARD BOOK NUMBER
Cancelled/invalid ISBN 185359556X (hc. : alk. paper)
Cancelled/invalid ISBN 1853595551 (pbk. : alk. paper)
040 ## - CATALOGING SOURCE
Original cataloging agency CaPaEBR
Transcribing agency CaPaEBR
035 ## - SYSTEM CONTROL NUMBER
System control number (OCoLC)70769472
050 14 - LIBRARY OF CONGRESS CALL NUMBER
Classification number P40.45.E85
Item number B49 2002eb
082 04 - DEWEY DECIMAL CLASSIFICATION NUMBER
Classification number 306.44/094
Edition number 21
245 00 - TITLE STATEMENT
Title Beyond boundaries
Medium [electronic resource] :
Remainder of title language and identity in contemporary Europe /
Statement of responsibility, etc edited by Paul Gubbins and Mike Holt.
260 ## - PUBLICATION, DISTRIBUTION, ETC. (IMPRINT)
Place of publication, distribution, etc Buffalo, N.Y. :
Name of publisher, distributor, etc Multilingual Matters,
Date of publication, distribution, etc 2002.
300 ## - PHYSICAL DESCRIPTION
Extent vi, 162 p.
490 0# - SERIES STATEMENT
Series statement Multilingual matters ;
Volume number/sequential designation 122
504 ## - BIBLIOGRAPHY, ETC. NOTE
Bibliography, etc Includes bibliographical references and index.
533 ## - REPRODUCTION NOTE
Type of reproduction Electronic reproduction.
Place of reproduction Palo Alto, Calif. :
Agency responsible for reproduction ebrary,
Date of reproduction 2009.
Note about reproduction Available via World Wide Web.
-- Access may be limited to ebrary affiliated libraries.
650 #0 - SUBJECT ADDED ENTRY--TOPICAL TERM
Topical term or geographic name as entry element Sociolinguistics
Geographic subdivision Europe.
Topical term or geographic name as entry element Nationalism
Geographic subdivision Europe.
655 #7 - INDEX TERM--GENRE/FORM
Genre/form data or focus term Electronic books.
Source of term local
700 1# - ADDED ENTRY--PERSONAL NAME
Personal name Gubbins, Paul,
Dates associated with a name 1949-
Personal name Holt, Mike.
710 2# - ADDED ENTRY--CORPORATE NAME
Corporate name or jurisdiction name as entry element ebrary, Inc.
856 40 - ELECTRONIC LOCATION AND ACCESS
Uniform Resource Identifier <a href="http://site.ebrary.com/lib/rucke/Doc?id=10022469">http://site.ebrary.com/lib/rucke/Doc?id=10022469</a>
Public note An electronic book accessible through the World Wide Web; click to view

No items available.

© 2026 Rongo University
Contact us: librarian | system librarian | Rongo university